| 000 | 01115nam a2200253 a 4500 | ||
|---|---|---|---|
| 005 | 20200104041506.0 | ||
| 008 | 140114b1994 ck fr|||| 00| 0 spa d | ||
| 040 |
_aCO-BoIAVH _cCO-BoIAVH |
||
| 041 | 0 | _aspa | |
| 044 | _ack | ||
| 082 | 0 | 4 |
_a658.4095 _bS47s |
| 111 | 2 |
_aSeminario Taller Comunicación e Información para la Gestión Ambiental _cRionegro, Antioquia _d1993 |
|
| 245 |
_aSeminario taller: _bComunicación e información para la gestión ambiental / _cConovocantes: Departamento Nacional de Planeación, Coorporación Autónoma Regional Rionegro-Nare, Corporación Autónoma Regional del Valle del Cauca, CORPES de Occidente |
||
| 260 |
_aMedellín : _bCORNARE , _c1994. |
||
| 300 |
_a69 páginas ; _c28 x 21 cm. |
||
| 650 | 6 | _aGestión ambiental | |
| 650 | 6 | _aEducación ambiental | |
| 650 | 6 | _aCorporación Autónoma Regional | |
| 650 | 6 | _aOrganizaciones no gubernamentales | |
| 650 | 4 |
_aOrganizaciones no gubernamentales _xGestión ambiental |
|
| 662 | _aColombia | ||
| 700 | 1 |
_aGómez Yepes, Luis Humberto _eCoordinación editorial |
|
| 942 |
_cLIBRO _2ddc |
||
| 999 |
_c94 _d94 |
||